Rozdělování zisku v družstvu

Výklad pojmu zisk vo vzťahu k družstvu - účtový zisk družstva, zisk po zdanení, rozdelenie, či použitie zisku podľa obchodného zákonníka ČR. O rozdelení rozhoduje členská schôdza družstva. Nedeliteľný fond družstva, pasívnu bilanciu družstva nemožno rozdeliť medzi členov, použitie určujú stanovy. Ro...

Descrizione completa

Salvato in:
Dettagli Bibliografici
Autore principale: Dědič, J.
Natura: Capitolo di libro
Lingua:ceco
Soggetti:
Tags: Aggiungi Tag
Nessun Tag, puoi essere il primo ad aggiungerne!!

MARC

LEADER 00000naa a2200000 4500
001 r024864
005 20221208131538.2
041 0 |a cze 
044 |a CZ 
245 1 0 |a Rozdělování zisku v družstvu  |c J. Dědič 
520 |a Výklad pojmu zisk vo vzťahu k družstvu - účtový zisk družstva, zisk po zdanení, rozdelenie, či použitie zisku podľa obchodného zákonníka ČR. O rozdelení rozhoduje členská schôdza družstva. Nedeliteľný fond družstva, pasívnu bilanciu družstva nemožno rozdeliť medzi členov, použitie určujú stanovy. Rozdelenie zisku medzi členov družstva, členov orgánov družstva a zamestnancov. Možnosti rozdelenia zisku. 
610 2 0 |a rozdeľovanie zisku 
610 2 0 |a zisk 
610 2 0 |a pojmy 
610 2 0 |a družstvá 
610 2 0 |a predpisy právne 
610 2 0 |a Česko 
100 1 |a Dědič, J.